The consolation of philosophy (Registro nro. 22071)
[ vista simple ]
| 000 -Cabecera | |
|---|---|
| Campo de control interno | 00830nam a2200265Ia 4500 |
| 005 - Fecha y hora del registro | |
| control field | 20260320113339.0 |
| 008 - Elementos de Longitud Fija | |
| fixed length control field | 260320s9999||||xx |||||||||||||| ||und|| |
| 020 ## - ISBN | |
| ISBN | 9780140447804 |
| 041 ## - Idioma | |
| Codigo Idioma | Inglés |
| 082 ## - DEWEY y NOTACIÓN INTERNA | |
| Dewey | 100 |
| Notación Interna | B163C |
| 100 ## - AUTOR | |
| Autor denominación | Boethius, |
| Término de relación | autor |
| 245 #4 - TÍTULO DE MATERIAL BIBLIOGRÁFICO | |
| Título | The consolation of philosophy |
| Título paralelo | |
| 246 ## - TÍTULO TRADUCIDO | |
| Título | |
| Título paralelo | |
| Autor | |
| 250 ## - EDICIÓN | |
| Edición | Revised edition |
| 260 ## - CIUDAD, EDITORIAL, AÑO | |
| Ciudad | London : |
| Nombre de la Editorial | Penguin Books, |
| Año | 1999 |
| 300 ## - DESCRIPCIÓN | |
| N° Páginas | 154 páginas : |
| Otros detalles | |
| Dimensiones | 20 cm. |
| Material Adicional | |
| 440 ## - MENCIÓN DE SERIE | |
| Título de la Serie | (Penguin Classics) |
| Número de Serie | |
| Volumen de Serie | |
| 650 ## - TEMAS | |
| Temas | Filosofía |
| 653 ## - DESCRIPTORES | |
| Lenguajes no controlado | Fortuna y felicidad; Bien y mal; Destino y libre albedrío |
| 654 ## - PROGRAMAS | |
| Programa | Dpto. de Humanidades |
| 700 ## - OTROS AUTORES | |
| Otros autores | Watts, Victor, |
| Títulos y otras palabras asociadas con el nombre | traductor |
| 856 ## - URL - UBICACIÓN | |
| URI/URL: Enlace exacto del recurso | <a href="https://0u20fpn98-y-https-research-ebsco-com.itmsp.museknowledge.com/c/qxo6us/ebook-viewer/pdf/yvzsowaumj">https://0u20fpn98-y-https-research-ebsco-com.itmsp.museknowledge.com/c/qxo6us/ebook-viewer/pdf/yvzsowaumj</a> |
| Nota pública: Versión digital | <a href="Versión digital (2009)">Versión digital (2009)</a> |
| 942 ## - ELEMENTOS DE KOHA | |
| Tipo de documento | Libro |
| Nombre del creador | Justo Noguera |
| Código de catalogador | Margarita Torres |
| Esquema de clasificación | Dewey Decimal Classification |
| Suppress in OPAC | |
| Codigo completo | Registro | Colección | Copia número | Disponibilidad | Tipo de préstamo | Biblioteca Actual | Procedencia (Biblioteca) | Ubicacón | Fecha Ingreso | Tipo de Adquisición | Observación | Date last seen | Total checkouts | Price effective from | Tipo de Item | Estado del Material | Fuente de Clasificación | Damaged status | Withdrawn status |
|---|---|---|---|---|---|---|---|---|---|---|---|---|---|---|---|---|---|---|---|
| 100 B163C | 1087486 | Universidad Católica San Pablo | 1 | Disponible | Disponible | Víctor Andrés Belaunde | Víctor Andrés Belaunde | Planta baja abierta | 10/03/2026 | Compra | Educación | 20/03/2026 | 20/03/2026 | Libro | Bueno | Dewey Decimal Classification |




